Inovačné procesy v čase pandémie Covid-19

Salvato in:
Dettagli Bibliografici
Autore principale: Šoltésová, Klaudia, 1995-
Natura: Capitolo di libro
Lingua:slovacco
Soggetti:
Tags: Aggiungi Tag
Nessun Tag, puoi essere il primo ad aggiungerne!!

MARC

LEADER 00000naa$a2200000$$$4500
001 0272695
005 20240502074311.5
041 0 |a slo 
044 |a SK 
245 1 0 |a Inovačné procesy v čase pandémie Covid-19  |c Klaudia Šoltésová 
500 |a abstrakt 
610 2 0 |a koronavírus 
610 2 0 |a pandémia 
610 2 0 |a inovácia 
100 1 |a Šoltésová, Klaudia, 1995-